000 00315nam a22001337a 4500
008 170728b xxu||||| |||| 00| 0 eng d
020 _a01209325074
041 _aeng
080 _a004
100 _a31
101 _aSHKI
245 _aDUNAMIC PROGRAMMING AND STOCHASTIC CONTROL
_cBERTSEKAS, D.P
942 _2udc
_cBK
999 _c22140
_d22140